| 000 | 00769nam a2200181 i 4500 | ||
|---|---|---|---|
| 001 | 99029 | ||
| 003 | ES-MaACL | ||
| 005 | 20230906182426.0 | ||
| 007 | t| | ||
| 008 | 931025m18831888sp af e ||||1| spa d | ||
| 245 | 0 | 0 |
_aEnciclopedia internacional de cirugía / _cescrita por autores de varias naciones y publicada bajo la dirección del Doctor John Ashhurst ; versión hecha del inglés, dirigida, anotada y aumentada con artículos originales y una introducción por Juan Creus y Manso. |
| 260 |
_aMadrid : _b[s.n.], _c1883-1888 ( _fNicolás Moya) |
||
| 300 |
_a8 v. : _bil., XXXVI p. de lám. ; _c26 cm. |
||
| 650 | 4 |
_aCirugía- _vEnciclopedias. _9173773 |
|
| 700 | 1 |
_aAshhurst, John. _923601 |
|
| 700 | 1 |
_aCreus y Manso, Juan. _941578 |
|
| 852 | 4 |
_aES-MaACL _jB-11611-18 |
|
| 999 |
_c99029 _d99029 |
||